Online
Catalog

Obras escogidas / (Record no. 25047)

MARC details
000 -CABECERA
campo de control de longitud fija 01087nam a2200253 a 4500
001 - NÚMERO DE CONTROL
campo de control 000025555
005 - FECHA Y HORA DE LA ÚLTIMA TRANSACCIÓN
campo de control 20200930023856.0
008 - DATOS DE LONGITUD FIJA--INFORMACIÓN GENERAL
campo de control de longitud fija 110217s1961 mx ac r 000 0 spa d
040 ## - FUENTE DE LA CATALOGACIÓN
Centro catalogador/agencia de origen DO-SdBNP
Lengua de catalogación spa
Centro/agencia transcriptor BNPHU
082 ## - NÚMERO DE LA CLASIFICACIÓN DECIMAL DEWEY
Número de clasificación NNN
Número de documento/Ítem H374o, 1961
049 ## - FONDOS LOCALES (OCLC)
Fondos de biblioteca BNGR
100 1# - ENTRADA PRINCIPAL--NOMBRE DE PERSONA
Nombre de persona Hauptmann, Gerhart,
Fechas asociadas al nombre 1862-1946.
9 (RLIN) 34092
245 10 - MENCIÓN DE TÍTULO
Título Obras escogidas /
Mención de responsabilidad, etc. Gerhart Hauptmann ; traducción de Ana María Haft ; prólogo de Mariano S. Luque.
250 ## - MENCIÓN DE EDICIÓN
Mención de edición 2a. ed.
260 ## - PUBLICACIÓN, DISTRIBUCIÓN, ETC.
Lugar de publicación, distribución, etc. México :
Nombre del editor, distribuidor, etc. Aguilar,
Fecha de publicación, distribución, etc. 1961.
300 ## - DESCRIPCIÓN FÍSICA
Extensión 1163 p. :
Otras características físicas il., rtres ;
Dimensiones 18 cm.
490 1# - MENCIÓN DE SERIE
Mención de serie Biblioteca premios Nobel
504 ## - NOTA DE BIBLIOGRAFÍA, ETC.
Nota de bibliografía, etc. Incluye bibliografía (p.[32]-34)
505 0# - NOTA DE CONTENIDO CON FORMATO
Nota de contenido con formato Los tejedores -- La asunción de Hannele -- La piel de castor -- El cochero Henschel -- Rose Bernd -- La campana sumergida -- Y pippa baila -- riselda -- Florian Geyer -- Michael Kramer -- Las ratas -- El pobre Heinrich -- Quimera -- En el torbellino del destino.
586 ## - NOTA DE PREMIOS
Nota de premios Premio Novel, 1912
700 1# - PUNTO DE ACCESO ADICIONAL--NOMBRE DE PERSONA
Nombre de persona Haft, Ana María,
Término indicativo de función/relación tr.
9 (RLIN) 52226
700 1# - PUNTO DE ACCESO ADICIONAL--NOMBRE DE PERSONA
Nombre de persona Luque, Mariano S.
Término indicativo de función/relación pról.
9 (RLIN) 49814
830 #0 - PUNTO DE ACCESO ADICIONAL DE SERIE-TÍTULO UNIFORME
Título uniforme Biblioteca premios Nobel
9 (RLIN) 52227
Holdings
Estado de retiro Estado de pérdida Restricciones de uso No para préstamo Código de colección Localización permanente Ubicación/localización actual Ubicación en estantería Fecha de adquisición Número de inventario Total de préstamos Signatura topográfica completa Código de barras Fecha visto por última vez Precio válido a partir de Tipo de ítem Koha
        Monografías: Libros y Folletos General General En catalogación 17.02.2011 LF1   NNN H374o, 1961 25555-10 25.06.2020 25.06.2020 Préstamo en sala

Powered by Koha